Podział administracyjny Szwecji - Statystyki

Ogólne statystyki
  • Ten quiz został rozwiązany 12 razy
  • Średni wynik to 7 z 21
Statystyki odpowiedzi
Nazwa jednostki administracyjnej Nazwa % Poprawnych
Region Sztokholm
80%
Region Uppsala
60%
Region Gotland
50%
Region Skania
50%
Region Jönköping
40%
Region Kalmar
40%
Region Blekinge
30%
Region Norrbotten
30%
Region Västerbotten
30%
Region Västernorrland
30%
Region Dalarna
20%
Region Gävleborg
20%
Region Halland
20%
Region Jämtland
20%
Region Kronoberg
20%
Region Örebro
20%
Region Östergötland
20%
Region Södermanland
20%
Region Värmland
20%
Region Västmanland
20%
Region Västra Götaland
20%
Nie znaleziono quizów pasujących do podanych kryteriów
Rozkład punktacji
Procent ludzi z każdym wynikiem
Percentyl według liczby udzielonych odpowiedzi
Twoja historia wyników
Nie rozwiązałeś tego quizu